Govt. of
Madhya Pradesh

द्रौपदी की आत्‍मकथा (Record no. 49844)

MARC details
000 -LEADER
fixed length control field 00474nam a22001577a 4500
003 - CONTROL NUMBER IDENTIFIER
control field macl
005 - DATE AND TIME OF LATEST TRANSACTION
control field 20170124163125.0
008 - FIXED-LENGTH DATA ELEMENTS--GENERAL INFORMATION
fixed length control field 150612b xxu||||| |||| 00| 0 eng d
040 ## - CATALOGING SOURCE
Transcribing agency macl
050 ## - LIBRARY OF CONGRESS CALL NUMBER
Classification number 920
100 ## - MAIN ENTRY--PERSONAL NAME
Personal name शर्मा, मनु
9 (RLIN) 220
245 ## - TITLE STATEMENT
Title द्रौपदी की आत्‍मकथा
260 ## - PUBLICATION, DISTRIBUTION, ETC. (IMPRINT)
Place of publication, distribution, etc. दिल्‍ली
Name of publisher, distributor, etc. प्रभात प्रकाशन
Date of publication, distribution, etc. 2014
650 ## - SUBJECT ADDED ENTRY--TOPICAL TERM
Topical term or geographic name as entry element आत्‍मकथा
9 (RLIN) 221
942 ## - ADDED ENTRY ELEMENTS (KOHA)
Source of classification or shelving scheme
Koha item type Hindi Books
Holdings
Withdrawn status Lost status Source of classification or shelving scheme Damaged status Not for loan Home library Current library Date acquired Cost, normal purchase price Total Checkouts Barcode Checked out Date last seen Date last checked out Price effective from Koha item type
          MACL MACL 12/06/2015 200.00 5 CRH031207 25/05/2018 04/05/2018 04/05/2018 12/06/2015 Hindi Books